| 000 -CABECERA |
| fixed length control field |
01169nam a22002297a 4500 |
| 003 - IDENTIFICADOR DEL NÚMERO DE CONTROL |
| control field |
AR-CdUCM |
| 008 - DATOS DE LONGITUD FIJA--INFORMACIÓN GENERAL |
| fixed length control field |
190307b ||||| |||| 00| 0 spa d |
| 040 ## - FUENTE DE LA CATALOGACIÓN |
| Agencia/entidad que catalogó originalmente la obra |
MUNICIPALIDAD PROVINCIAL DEL CUSCO |
| Entidad que transcribió la catalogación |
BIBLIOTECA MUNICIPAL DEL CUSCO |
| 082 ## - NÚMERO DE LA CLASIFICACIÓN DECIMAL DEWEY |
| No. de Clasificación |
343.332 / |
| Notacion interna |
R34 |
| 100 ## - ENTRADA PRINCIPAL--NOMBRE DE PERSONA |
| Nombre Personal |
Comisión Ejecutiva del Poder Judicial (Perú) |
| 245 ## - MENCIÓN DE TÍTULO |
| Título |
Reforma judicial : |
| Resto del título |
evaluación y perspectivas de desarrollo / |
| 260 ## - PUBLICACIÓN, DISTRIBUCIÓN, ETC. |
| Lugar de publicación, distribución, etc. |
Lima : |
| Fecha de publicación, distribución, etc. |
1998. |
| Nombre de la editorial, distribuidor, etc. |
Murakami, |
| 300 ## - DESCRIPCIÓN FÍSICA |
| Nº de Páginas Extensión |
209 páginas ; |
| Dimensiones |
24 cm. |
| 505 ## - NOTA DE CONTENIDO CON FORMATO |
| Nota de contenido formateada |
Contenido: Marco conceptual sobre reforma del poder judicial: evaluación y persperctivas de desarrollo -- Reforma judicial: evaluación y perspectivas de desarrollo. Síntesis de la exposición de cada presidente de Corte Superior de Justicia de la República -- Apreciación final del evento reforma del poder judicial: evaluación y perspectivas de desarrollo. Pronunciamiento de presidentes de corte. Objetivos del evento. Programa. |
| 650 ## - PUNTO DE ACCESO ADICIONAL DE MATERIA--TÉRMINO DE MATERIA |
| Descriptor |
Poder judicial-Perú |
| 9 (RLIN) |
8570 |
| 650 ## - PUNTO DE ACCESO ADICIONAL DE MATERIA--TÉRMINO DE MATERIA |
| Descriptor |
Reorganización |
| 9 (RLIN) |
12054 |
| 650 ## - PUNTO DE ACCESO ADICIONAL DE MATERIA--TÉRMINO DE MATERIA |
| Descriptor |
Responsabilidad |
| 9 (RLIN) |
12055 |
| 650 ## - PUNTO DE ACCESO ADICIONAL DE MATERIA--TÉRMINO DE MATERIA |
| Descriptor |
Funcionarios judiciales |
| 9 (RLIN) |
12056 |
| 650 ## - PUNTO DE ACCESO ADICIONAL DE MATERIA--TÉRMINO DE MATERIA |
| Descriptor |
Justicia |
| 9 (RLIN) |
7448 |
| 942 ## - ELEMENTOS DE PUNTO DE ACCESO ADICIONAL (KOHA) |
| Fuente de clasificación |
|
| Tipo de item |
Libros-BMC |
| 945 ## - PROCESAMIENTO DE INFORMACIÓN LOCAL (OCLC) |
| Catalogador |
zta |